Music Artists by Song - P - Statistics

General Stats
  • This quiz has been taken 107 times
  • The average score is 9 of 21
Answer Stats
Songs Artist % Correct
Just Give Me a Reason / Try / So What P!nk
90%
Purple Rain / Raspberry Beret / When Doves Cry Prince
90%
Feels / Happy / Get Lucky Pharrell Williams
85%
Every Breath You Take / Roxanne / Message In A Bottle The Police
85%
Another Brick in the Wall / Wish You Were Here / Comfortably Numb Pink Floyd
79%
High Hopes / I Write Sins Not Tragedies / House of Memories Panic! At The Disco
70%
Give Me Everything / Timber / Time of Our Lives Pitbull
59%
I Had Some Help / Sunflower / I Ain't Coming Back Post Malone
59%
Even Flow / Black / Alive Pearl Jam
52%
Still into You / Hard Times / The Only Exception Paramore
44%
Where Is My Mind? / Here Comes Your Man / All I Think About Now Pixies
38%
Breathe / Firestarter / Smack My Bitch Up The Prodigy
36%
Walk / Cowboys from Hell / Cemetery Gates Pantera
30%
Common People / Disco 2000 / Spike Island Pulp
29%
RATHER LIE / EVIL J0RDAN / FE!N Playboi Carti
23%
Pain / Illegal / Tonight PinkPantheress
16%
King For A Day / A Match Into Water / Bulls In The Bronx Pierce the Veil
14%
Harness Your Hopes / Cut Your Hair / Spit on a Stranger Pavement
11%
Glory Box / Sour Times / Roads Portishead
11%
Rat / Feel Better / Lotta True Crime Penelope Scott
10%
Passin' Me By / Runnin' / Drop The Pharcyde
3%
No matching quizzes found
Score Distribution
Percent of People with Each Score
Percentile by Number Answered
Your Score History
You have not taken this quiz